Juristische Schriften
Guardat en:
| Autor principal: | |
|---|---|
| Format: | Llibre |
| Idioma: | alemany |
| Publicat: |
Berlín
Weidmannsche Verlagsbuchhandlung
1965
|
| Col·lecció: | Gesammenlte Schriften
|
| Matèries: | |
| Etiquetes: |
Afegir etiqueta
Sense etiquetes, Sigues el primer a etiquetar aquest registre!
|
MARC
| LEADER | 00000nam a2200000 a 4500 | ||
|---|---|---|---|
| 001 | UCR2832 | ||
| 003 | CL-VaPUC | ||
| 008 | 980116e19650000GW |||||||||||||||||ger|d | ||
| 082 | 0 | 4 | |a 340.54 |b MOM |2 21 |
| 100 | |a Mommsen, Teodoro |e autor |q Mommsen, Theodor |9 580211 | ||
| 245 | 1 | 0 | |a Juristische Schriften |
| 300 | |a 3 v | ||
| 942 | |c BK | ||
| 945 | |d 19980116 00:00:00 |a aolguin | ||
| 260 | |a Berlín |b Weidmannsche Verlagsbuchhandlung |c 1965 | ||
| 650 | 0 | |a Derecho romano |9 255930 | |
| 650 | 0 | |a Justicia |9 255408 | |
| 650 | 0 | |a Leyes |9 256670 | |
| 650 | 0 | |a Escritos jurídicos |9 392715 | |
| 650 | 7 | |a INTERPRETACION DEL DERECHO |2 CL-VaPUC |9 401243 | |
| 583 | |a last modification |c 19980116 00:00:00 |k Rodrigo Vera | ||
| 490 | 0 | |a Gesammenlte Schriften | |
| 999 | |c 265957 |d 265955 | ||
| 952 | |0 0 |1 0 |4 0 |6 340_540000000000000_MOM_1965 |7 0 |8 DER_ROM |9 297127 |a BIBDER |b BIBDER |d 2019-11-20 |h v.1 |i 1934775 |o 340.54 MOM 1965 |p 1934775 |r 2023-01-25 |w 2019-11-20 |x Ubicación 4to piso |y BK |z Este recurso debe solicitarse con anticipación |k DER | ||
| 952 | |0 0 |1 0 |4 0 |6 340_540000000000000_MOM_1965 |7 0 |8 DER_ROM |9 297128 |a BIBDER |b BIBDER |d 2019-11-20 |h v.2 |i 1934465 |o 340.54 MOM 1965 |p 1934465 |r 2023-01-25 |w 2019-11-20 |x Ubicación 4to piso |y BK |z Este recurso debe solicitarse con anticipación |k DER | ||
| 952 | |0 0 |1 0 |4 0 |6 340_540000000000000_MOM_1965 |7 0 |8 DER_ROM |9 297129 |a BIBDER |b BIBDER |d 2019-11-20 |h v.3 |i 1934414 |o 340.54 MOM 1965 |p 1934414 |r 2023-01-25 |w 2019-11-20 |x Ubicación 4to piso |y BK |z Este recurso debe solicitarse con anticipación |k DER | ||